Z lásky k hudbe... "Naša hudba sa ľuďom buď páči alebo nepáči Nič medzi tým neexistuje, "tvrdí o sebe pražské kvarteto Deep Sweden

Bibliographic Details
Main Author: Petruška, Igor (Author)
Corporate Author: Deep Sweden (česká hudobná skupina) (Author)
Format: Article
Language:Slovak
PhysicalDescription:5 obr.
Subjects:

MARC

LEADER 00000nab a2200000 a 4500
001 vtls000900572
003 SK-MaSNL
005 20260304201210.0
008 040720e19990505xo 0 slo
035 |a KE9568 
040 |a KEVKJB  |b slo  |c KEVKJB  |e AACR2 
041 0 |a slo 
044 |a xo  |c SK 
080 |a 784.66  |2 1981 
100 1 |a Petruška, Igor  |4 aut  |9 267743 
245 1 0 |a Z lásky k hudbe... "Naša hudba sa ľuďom buď páči alebo nepáči  |b Nič medzi tým neexistuje, "tvrdí o sebe pražské kvarteto Deep Sweden 
300 |b 5 obr. 
610 2 7 |a Deep Sweden (česká hudobná skupina)  |2 KEVKJB  |9 1532818 
650 0 7 |a populárna hudba  |2 KEVKJB  |9 3428 
650 0 7 |a hosťovanie  |2 KEVKJB  |9 347282 
650 0 7 |a informácie  |2 KEVKJB  |9 1285 
651 7 |a Košice (Slovensko)  |2 KEVKJB  |9 18694 
651 7 |a KE,  |2 KEVKJB  |9 877256 
655 7 |a periodikum  |2 snkbucl  |9 29553 
710 2 |a Deep Sweden (česká hudobná skupina)  |4 aut  |9 1532818 
773 0 8 |t Košický večer  |g Roč. 10  |g Roč. 31, č.85, 5.5.1999, s. 6 
852 |a ZVYKNI  |b KIS3GCP 
999 |c 3093751  |d 3095681